| 000 | 00491nam a2200181Ia 4500 | ||
|---|---|---|---|
| 999 |
_c56469 _d56469 |
||
| 001 | 23582 | ||
| 003 | GE_BSU | ||
| 005 | 20221122153429.0 | ||
| 008 | 181216s2018||||en |||||||||||||| ||eng|| | ||
| 020 | _a9781947243620x | ||
| 040 | _cGE_BSU | ||
| 041 | _aeng | ||
| 080 | _a741/744 C-58 | ||
| 245 |
_aCity Coloring Book: _b An Adult Coloring Book of Beautiful Places from Around the World |
||
| 264 |
_bCreative coloring press : _c2018. |
||
| 300 |
_a90 p.: _bill : _c28 cm. |
||
| 942 |
_cBK _2udc |
||